El contrato colonial de Chile: ciencia, racismo y nación
保存先:
| 第一著者: | |
|---|---|
| フォーマット: | 図書 |
| 言語: | スペイン語 |
| 出版事項: |
Quito
Abya-Yala
2016
|
| 版: | 1a. ed |
| シリーズ: | Pensamiento Decolonial
|
| 主題: | |
| タグ: |
タグ追加
タグなし, このレコードへの初めてのタグを付けませんか!
|
MARC
| LEADER | 00000cam a2200000 a 4500 | ||
|---|---|---|---|
| 001 | UCC1112 | ||
| 003 | CL-VaPUC | ||
| 008 | 170929e20160000ec |||||||||||||||||spa|d | ||
| 020 | |a 9789942094131 | ||
| 082 | 0 | 4 | |a 983.03 |b LEP |2 21 |
| 100 | |a Lepe-Carrión, Patricio |e author |9 837783 | ||
| 245 | 1 | 3 | |a El contrato colonial de Chile: ciencia, racismo y nación |
| 250 | |a 1a. ed | ||
| 300 | |a 360 p | ||
| 942 | |c BK | ||
| 945 | |d 20170929 13:43:00 |a dcastane | ||
| 260 | |a Quito |b Abya-Yala |c 2016 | ||
| 650 | 7 | |a HISTORIA DE CHILE 1561-1810 |2 CL-VaPUC |9 466213 | |
| 650 | 7 | |a HISTORIA DE LA COLONIA 1561-1810 |2 CL-VaPUC |9 560816 | |
| 650 | 7 | |a COLONIA |2 CL-VaPUC |9 595152 | |
| 650 | 0 | |a Racismo |9 255805 | |
| 650 | 0 | |a Esclavitud |9 323605 | |
| 583 | |a last modification |c 20190801 08:32:18 |k Rodrigo Vera | ||
| 490 | 0 | |a Pensamiento Decolonial | |
| 999 | |c 369692 |d 369690 | ||
| 952 | |0 0 |1 0 |3 erb |4 0 |6 983_030000000000000_LEP_2016 |7 0 |8 A |9 485633 |a BIBDER |b BIBDER |i 5426480 |o 983.03 LEP 2016 |p 5426480 |r 2023-01-25 |w 2019-11-24 |y BK |z Catalogado en:20170929 |k DER | ||